000 00401nam a22001457a 4500
005 20250502170015.0
008 250502b |||||||| |||| 00| 0 eng d
020 _a9780684860473
050 _aHF5415
_bKOT
100 _aKotler Philip
245 _aKotler on marketing;
_bhow to create, win and dominate markets
260 _aLondon
_bThe Free Press
_cc1999
300 _axiv. 255p
942 _2lcc
_cBK
_n0
999 _c5626
_d5626